Music Quiz

Random Music or Kpop Quiz

Guess kpop song base on eng lyrics (easy ver.) Quiz Stats

 Plays Quiz not verified by Sporcle

Challenge
Share
Tweet
Embed
Score 0/40 Timer 10:00
0 Plays Today
Lyrics Answer % Correct
Errbody say La la la la laFire
83.5%
Every time I show up, blow up uhWhistle
81.4%
Feel like a fool, you gotta knowIf you do
77.4%
U, I Like The Way U Pink ItHot Pink
77.2%
Dance i wanna dan dan dan danFantastic baby
74.4%
It’s all mine, it’s my fantasyFantasy
73.1%
I wanna dance Like ttaradaradanttanBoombayah
72.6%
I`m the crazy girl around here like gossip girlCrazy
69.7%
Baby I know I know I know your liesL.I.E
69.5%
Love is a lie lieRun
66.6%
Ready or not Yea we don’t give a whatBang bang bang
61.9%
Yeah I gotta slam dunkMansae
61.8%
Is anyone here taller than me?1cm
60.4%
I know you’re a good man (Yes he is)Whatta man
55.4%
Girl use me while you can I’m all yoursToy
52.6%
Come on Hey Sister Come on Hey BrotherYou're the best
50.2%
Girls girls on top Even among them I’m I’m the topGood luck
49.5%
Can U give me some give me give me someZutter
48.1%
It’s a beautiful painBeautiful liar
48.1%
I just wanna be with youFly
48%
Lyrics Answer % Correct
Do you remember the day we walkedRemember
43.9%
Baby baby I hate being aloneBaby baby
43.6%
Are you a human or an angel? Oh Jesus babeBae bae
42.6%
Can you save Can you save meBack
41.6%
Sorry sorry I’m sorry I couldn’t protect youApology
41.2%
she’s just a friend yayaLiar liar
39.3%
Turn around now shot my heartCupid
36.5%
Hey TAXI TAXI, take me awaySober
35.7%
don’t be acting like a loser don’t be acting like a fatassZero for conduct
33.9%
Stop for a moment, it’s raining The wind is blowingAirplane
33.4%
You take me higherThat's my jam
33%
Cuz I’m lonely lonely yeah#WYD
30.3%
You’re, you’re, you’re, you’re no funHow's this
29.1%
Dance with OH MY GIRLA-ing
28.3%
I ordered a pizza but I have no couponStress come on
25.6%
It’s getting round It’s getting new roundSolo day
25.2%
you and I you and I love you you and I love you girlSweet girl
21.7%
I’m addict I’m addict I’m addict I’m addictNumber 9
21%
Hotter than summer timeYey
18.3%
I know I’ve been there beforeMissing you
16.8%

You're not logged in!

Compare scores with friends on all Sporcle quizzes.
Join for Free
OR
Log In

You Might Also Like...

Show Comments

Extras

Created Aug 18, 2016ReportNominate
Tags:Kpop Quiz, Kpop Quiz

Top Quizzes Today


Score Distribution

Your Account Isn't Verified!

In order to create a playlist on Sporcle, you need to verify the email address you used during registration. Go to your Sporcle Settings to finish the process.

Report this User

Report this user for behavior that violates our Community Guidelines.

Details: